00305nam a22000977a 4500008004100000082002100041110004500062245004700107260004200154300001100196230623b xxu||||| |||| 00| 0 eng d a330.96bBEN 1961 bRoyal Institute of International Affairs a Economic Aid to Underdeveloped Countries  aLondonbOxford University Pressc1961 aX,307p